Famous People by their Birth Names - Statistics

General Stats
  • This quiz has been taken 68 times
  • The average score is 11 of 18
Answer Stats
Birth Name Info Answer % Correct
Cassius Clay American boxer Muhammad Ali
94%
Marshall Mathers III American musician Eminem
86%
Usher Raymond IV American musician Usher
83%
Stefani Germanotta American musician/actress Lady Gaga
78%
David Jones British musician/actor David Bowie
70%
Samuel Clemens American author Mark Twain
70%
Robyn Fenty Barbadian musician/actress/businesswoman Rihanna
68%
Farrokh Bulsara British musician Freddie Mercury
67%
Robert Zimmerman American musician Bob Dylan
63%
Paul David Heason Irish musician/activist Bono
59%
Aubrey Graham Canadian musician/actor Drake
59%
Ioseb Besarionis dze Jughashvili Soviet prime minister Joseph Stalin
59%
Jorge Mario Bergoglio Argentine religious leader Pope Francis
56%
Kathryn Hudson American musician Katy Perry
49%
Abel Tesfaye Canadian musician The Weeknd
32%
Dwayne Michael Carter Jr. American musician Lil Wayne
27%
Krishna Pandit Bhanji British actor Sir Ben Kingsley
27%
Claire Elise Boucher Canadian musician Grimes
11%
No matching quizzes found
Score Distribution
Percent of People with Each Score
Percentile by Number Answered
Your Score History
You have not taken this quiz